000 nam a22 7a 4500
999 _c10760
_d10760
008 180223b ||||| |||| 00| 0 eng d
100 _aYadav,G.C.
_96606
245 _aMy Wonderful book of Environmental Studies
260 _aNew Delhi
_bCordova
_c2012